Castles in their bones / Laura Sebastian.
Empress Margaraux has had plans for her daughters since the day they were born. Princesses Sophronia, Daphne, and Beatriz will be queens. And now, age sixteen, they each must leave their homeland and marry their princes. Beautiful, smart, and demure, the triplets appear to be the perfect brides—because Margaraux knows there is one common truth: everyone underestimates a girl. Which is a grave mistake. Sophronia, Daphne, and Beatriz are no innocents. They have been trained since birth in the arts of deception, seduction, and violence with a singular goal—to bring down monarchies— and their marriages are merely the first stage of their mother’s grand vision: to one day reign over the entire continent of Vesteria. The princesses have spent their lives preparing, and now they are ready, each with her own secret skill, and each with a single wish, pulled from the stars. Only, the stars have their own plans—and their mother hasn’t told them all of hers. Life abroad is a test. Will their loyalties stay true? Or will they learn that they can’t trust anyone—not even each other?
Record details
- ISBN: 9780593118160
- ISBN: 0593118162
- ISBN: 9780593118191
- ISBN: 0593118197
- ISBN: 9780593118177
- ISBN: 0593118170
- Physical Description: 514 pages : illustrations, map ; 22 cm
- Edition: First edition.
- Publisher: New York : Delacorte Press, [2022]
Search for related items by subject
| Genre: | Juvenile works. Young Adult Romance Fantasy fiction. Novels. |
Search for related items by series
Available copies
- 1 of 1 copy available at scottsboropl.
Holds
- 0 current holds with 1 total copy.
Show Only Available Copies
| Location | Call Number / Copy Notes | Barcode | Shelving Location | Status | Due Date |
|---|---|---|---|---|---|
| scottsboropl | YA Seb | 32269001232936 | Young Adult - Fiction | Available | - |
| LDR | 05309cam a2200997 i 4500 | ||
|---|---|---|---|
| 001 | 159935 | ||
| 003 | SBPL | ||
| 005 | 20230202165946.0 | ||
| 008 | 201223s2022 nyuab d 000 1 eng | ||
| 010 | . | ‡a 2020057503 | |
| 020 | . | ‡a9780593118160 ‡qhardcover | |
| 020 | . | ‡a0593118162 ‡qhardcover | |
| 020 | . | ‡a9780593118191 ‡qtrade paperback | |
| 020 | . | ‡a0593118197 ‡qtrade paperback | |
| 020 | . | ‡a9780593118177 ‡qlibrary binding | |
| 020 | . | ‡a0593118170 ‡qlibrary binding | |
| 035 | . | ‡a(OCoLC)1228202539 ‡z(OCoLC)1290491409 ‡z(OCoLC)1292922888 | |
| 050 | 0 | 0. | ‡aPZ7.1.S33693 ‡bCas 2022 |
| 050 | 4. | ‡aPS3619.E2594 ‡bC37 2022 | |
| 082 | 0 | 0. | ‡a[Fic] ‡223 |
| 100 | 1 | . | ‡aSebastian, Laura, ‡eauthor. |
| 245 | 1 | 0. | ‡aCastles in their bones / ‡cLaura Sebastian. |
| 250 | . | ‡aFirst edition. | |
| 264 | 1. | ‡aNew York : ‡bDelacorte Press, ‡c[2022] | |
| 300 | . | ‡a514 pages : ‡billustrations, map ; ‡c22 cm | |
| 336 | . | ‡atext ‡btxt ‡2rdacontent | |
| 337 | . | ‡aunmediated ‡bn ‡2rdamedia | |
| 338 | . | ‡avolume ‡bnc ‡2rdacarrier | |
| 490 | 0 | . | ‡aCastles in their bones ; ‡vbk 1] |
| 520 | . | ‡aEmpress Margaraux has had plans for her daughters since the day they were born. Princesses Sophronia, Daphne, and Beatriz will be queens. And now, age sixteen, they each must leave their homeland and marry their princes. Beautiful, smart, and demure, the triplets appear to be the perfect brides—because Margaraux knows there is one common truth: everyone underestimates a girl. Which is a grave mistake. Sophronia, Daphne, and Beatriz are no innocents. They have been trained since birth in the arts of deception, seduction, and violence with a singular goal—to bring down monarchies— and their marriages are merely the first stage of their mother’s grand vision: to one day reign over the entire continent of Vesteria. The princesses have spent their lives preparing, and now they are ready, each with her own secret skill, and each with a single wish, pulled from the stars. Only, the stars have their own plans—and their mother hasn’t told them all of hers. Life abroad is a test. Will their loyalties stay true? Or will they learn that they can’t trust anyone—not even each other? | |
| 650 | 0. | ‡aPrincesses ‡vJuvenile fiction. | |
| 650 | 0. | ‡aSisters ‡vJuvenile fiction. | |
| 650 | 0. | ‡aKings and rulers ‡vJuvenile fiction. | |
| 650 | 0. | ‡aDeception ‡vJuvenile fiction. | |
| 650 | 0. | ‡aFate and fatalism ‡vJuvenile fiction. | |
| 650 | 0. | ‡aArranged marriage ‡vJuvenile fiction. | |
| 655 | 7. | ‡aJuvenile works. ‡2fast ‡0(OCoLC)fst01411637 | |
| 655 | 0 | . | ‡a Young Adult |
| 655 | 0 | . | ‡aRomance |
| 655 | 7. | ‡aFantasy fiction. ‡2lcgft | |
| 655 | 7. | ‡aNovels. ‡2lcgft | |
| 901 | . | ‡a159935 ‡bAUTOGEN ‡c159935 ‡tbiblio | |